000 00745nam a2200193 i 4500
001 77824
003 ES-MaACL
005 20230906173409.0
007 t|
008 041111s1916 sp ||||1| spa d
080 _a629.113(02)
100 1 _aLópez-Pereira, Florencio.
_973882
245 1 0 _aCartilla de automóviles de transportes
_b: redactada en virtud de orden superior para conductores y mécanicos-conductores /
_cpor... D. Florencio L.-Pereira.
260 _aMadrid :
_b[s.n.],
_c1916 (
_fImp. de Eduardo Arias)
300 _a111 p. ;
_c19 cm +
_e2 h. pleg.
500 _aPrecede al tít.: Artillería - Comisión de Experiencias. Escuela de Automovilistas.
650 0 4 _aAutomóviles.
_910435
852 _aES-MaACL
_jE-10308
_bR.133641
999 _c77824
_d77824